| 000 | 00606nam a2200157 i 4500 | ||
|---|---|---|---|
| 001 | 183711 | ||
| 003 | ES-MaACL | ||
| 005 | 20230906221946.0 | ||
| 008 | 140930s1915 sp | |||||||| | spa d | ||
| 080 | _a94(100)"1914/18" | ||
| 245 | 0 | 0 |
_aLibro rojo publicado por el gobierno austro-húngaro _b: documentos diplomáticos sobre los preliminares de la guerra. |
| 260 |
_a[S.l.] : _b[s.n.], _c1915 ( _eBarcelona : _fTip. "La Académica" de Serra Hermanos y Russell) |
||
| 300 |
_aXII, 132 p. ; _c22 cm. |
||
| 650 | 0 | 4 |
_aGuerra mundial, 1914-1918- _xHistoria diplomática. _913221 |
| 852 |
_aES-MaACL _jT-1448-F-4 |
||
| 999 |
_c183711 _d183711 |
||